Joaquin de Villalba (1752-1807) y los origenes de la historiografia medica española (Record no. 6596)

MARC details
000 -LEADER
campo de control de longitud fija 01192nam a2200289 i 4500
001 - NÚMERO DE CONTROL
campo de control 6596
003 - IDENTIFICADOR DE NÚMERO DE CONTROL
campo de control ES-MaACL
005 - FECHA Y HORA DE LA ÚLTIMA TRANSACCIÓN
campo de control 20230906145016.0
007 - CAMPO FIJO DE DESCRIPCIÓN FÍSICA--INFORMACIÓN GENERAL
campo de control de longitud fija t|
008 - DATOS DE LONGITUD FIJA--INFORMACIÓN GENERAL
campo de control de longitud fija 900117s1984 sp ||||1| spa d
020 ## - NÚMERO INTERNACIONAL ESTÁNDAR DEL LIBRO
Número Internacional Estándar del Libro 84-7496-072-X
020 ## - NÚMERO INTERNACIONAL ESTÁNDAR DEL LIBRO
Número Internacional Estándar del Libro 84-7496-073-8
080 ## - NÚMERO DE LA CLASIFICACIÓN DECIMAL UNIVERSAL
Número de la Clasificación Decimal Universal 61(09)
080 ## - NÚMERO DE LA CLASIFICACIÓN DECIMAL UNIVERSAL
Número de la Clasificación Decimal Universal 361.94(46)"--/17"
080 ## - NÚMERO DE LA CLASIFICACIÓN DECIMAL UNIVERSAL
Número de la Clasificación Decimal Universal 616.9
080 ## - NÚMERO DE LA CLASIFICACIÓN DECIMAL UNIVERSAL
Número de la Clasificación Decimal Universal 92 Villalba, Joaquin de
100 1# - ENTRADA PRINCIPAL--NOMBRE DE PERSONA
Nombre de persona Carreras Panchon, Antonio.
9 (RLIN) 35679
245 10 - MENCIÓN DEL TÍTULO
Título Joaquin de Villalba (1752-1807) y los origenes de la historiografia medica española
Resto del título : = Joaquin de Villalba (1752-1807) and the origins of spanish medical historiography /
Mención de responsabilidad, etc. Antonio Carreras Panchon. Epidemiologia española / Joaquin de Villalba ; con un estudio preliminar de = with an introduction by Antonio Carreras Panchon.
260 ## - PUBLICACIÓN, DISTRIBUCIÓN, ETC.
Lugar de publicación, distribución, etc. Malaga :
Nombre del editor, distribuidor, etc. Universidad,
Fecha de publicación, distribución, etc. D.L. 1984.
300 ## - DESCRIPCIÓN FÍSICA
Extensión 2 v. ;
Dimensiones 25 cm.
505 8# - NOTA DE CONTENIDO CON FORMATO
Nota de contenido con formato Vol. 2: Reprod. facs. de Epidemiología española / Joaquín de Villalba. Madrid : F. Villalpando, 1803
600 14 - PUNTO DE ACCESO ADICIONAL DE MATERIA--NOMBRE DE PERSONA
Nombre de persona Villalba, Joaquín de.
9 (RLIN) 114939
650 04 - PUNTO DE ACCESO ADICIONAL DE MATERIA--TÉRMINO DE MATERIA
Término de materia o nombre geográfico como elemento de entrada Epidemiología.
9 (RLIN) 12334
700 1# - ENTRADA AGREGADA--NOMBRE PERSONAL
Nombre de persona Villalba, Joaquín de.
9 (RLIN) 114939
740 0# - ENTRADA AGREGADA--TÍTULO RELACIONADO/ANALÍTICO NO CONTROLADO
Título relacionado o analítico no controlado Epidemiologia española.
852 ## - LOCALIZACIÓN
Ubicación ES-MaACL
Número de control de estantería L-13750-51
Sublocalización o colección R.108516
Holdings
Estatus retirado Estado de pérdida Estado de daño No para préstamo Biblioteca de origen Biblioteca actual Ubicación en estantería Fecha de adquisición Fuente de adquisición Total de préstamos Signatura topográfica completa Código de barras Visto por última vez Precio de reemplazo Tipo de ítem Koha
        Biblioteca del Ateneo de Madrid Biblioteca del Ateneo de Madrid Depósito 2 17/01/2008     L-13750-51 1006719 23/02/2023 23/02/2023 Libro impreso